000 00391nam a2200145Ia 4500
008 211109s9999||||xx |||||||||||||| ||und||
082 _a894.8123
_bSET-K
100 _aSethu Nath,
245 0 _aKarutha Kunju
260 _bCurrent Books
_aTrichur
_c1966
300 _a196p.
630 _xGeneral Stack
650 _aMalayalam Literature
_vMalayalam Fiction
_xMalayalam Novels
942 _cBOOK
999 _c26245
_d26245